Online
Catalog

Nuevas citas para mamíferos precolombinos en la Hispaniola. / (Record no. 27577)

MARC details
000 -CABECERA
campo de control de longitud fija 00860nam a2200205 a 4500
001 - NÚMERO DE CONTROL
campo de control 000028085
005 - FECHA Y HORA DE LA ÚLTIMA TRANSACCIÓN
campo de control 20250204104418.0
008 - DATOS DE LONGITUD FIJA--INFORMACIÓN GENERAL
campo de control de longitud fija 110406s19uu dr a 000 0 spa d
040 ## - FUENTE DE LA CATALOGACIÓN
Centro catalogador/agencia de origen DO-SdBNP
Lengua de catalogación spa
Centro/agencia transcriptor BNPHU
082 ## - NÚMERO DE LA CLASIFICACIÓN DECIMAL DEWEY
Número de clasificación xxx
Número de documento/Ítem R577n
049 ## - FONDOS LOCALES (OCLC)
Fondos de biblioteca BNPD
100 1# - ENTRADA PRINCIPAL--NOMBRE DE PERSONA
Nombre de persona Rímoli, Renato O
9 (RLIN) 36749
245 10 - MENCIÓN DE TÍTULO
Título Nuevas citas para mamíferos precolombinos en la Hispaniola. /
Mención de responsabilidad, etc. Renato O. Rímoli.
260 ## - PUBLICACIÓN, DISTRIBUCIÓN, ETC.
Lugar de publicación, distribución, etc. Santo Domingo, :
Nombre del editor, distribuidor, etc. CENDIA,
Fecha de publicación, distribución, etc. [19--?].
300 ## - DESCRIPCIÓN FÍSICA
Extensión 15 p. :
Otras características físicas il. ;
Dimensiones 21 cm.
490 1# - MENCIÓN DE SERIE
Mención de serie Cuadernos del CENDIA
Designación de volumen o secuencia 259, No. 5
500 ## - NOTA GENERAL
Nota general Investigador del Centro Dominicano de Investigaciones Antropologícas (CENDIA) y encargado de la División de Vida Silvestre y Protección Ambiental, Secretaría de Estado de Agricultura.
710 1# - PUNTO DE ACCESO ADICIONAL--NOMBRE DE ENTIDAD CORPORATIVA
Nombre de entidad corporativa o nombre de jurisdicción como elemento de entrada Centro dominicano de investigaciones antropologícas
9 (RLIN) 55102
830 #0 - PUNTO DE ACCESO ADICIONAL DE SERIE-TÍTULO UNIFORME
Título uniforme Cuadernos del CENDIA
Designación de volumen o secuencia 259, No. 5
9 (RLIN) 55103
Holdings
Estado de retiro Estado de pérdida Restricciones de uso No para préstamo Código de colección Localización permanente Ubicación/localización actual Ubicación en estantería Fecha de adquisición Número de inventario Total de préstamos Signatura topográfica completa Código de barras Fecha visto por última vez Número de copia Precio válido a partir de Tipo de ítem Koha
        Dominicana de Servicio General General En catalogación 06.04.2011 LF1   xxx R577n 28085-30 25.06.2020 e. 3 25.06.2020 Libro y Folleto Colección Dominicana de Servicio
        Dominicana de Servicio General General En catalogación 06.04.2011 LF1   xxx R577n 28085-40 25.06.2020 e. 4 25.06.2020 Libro y Folleto Colección Dominicana de Servicio
        Dominicana de Servicio General General En catalogación 06.04.2011 LF1   xxx R577n 28085-50 25.06.2020 e. 5 25.06.2020 Libro y Folleto Colección Dominicana de Servicio
      Excluido de préstamo Patrimonio Dominicano Patrimonio Dominicano Patrimonio Dominicano Depósito 06.04.2011 LF1   xxx R577n 28085-10 25.06.2020   25.06.2020 Libro y Folleto Colección Patrimonio Dominicano
      Excluido de préstamo Patrimonio Dominicano Patrimonio Dominicano Patrimonio Dominicano En catalogación 06.04.2011 LF1   xxx R577n 28085-20 25.06.2020 e. 2 25.06.2020 Libro y Folleto Colección Patrimonio Dominicano

Powered by Koha